Higher education in globalized era : (Record no. 142522)

MARC details
000 -LEADER
fixed length control field 00635nam a22001937a 4500
005 - DATE AND TIME OF LATEST TRANSACTION
control field 20170713120459.0
010 ## - LCCN (DPL NO)
LC control number ENG-119169
020 ## - INTERNATIONAL STANDARD BOOK NUMBER
International Standard Book Number 9788175418080
Terms of availability 200.00
035 ## - SYSTEM CONTROL NUMBER
System control number EN-102701
037 ## - SOURCE OF ACQUISITION
Source of stock number/acquisition DBAD/PUB
082 ## - DEWEY DECIMAL CLASSIFICATION NUMBER
Classification number 378.54
100 ## - MAIN ENTRY--PERSONAL NAME
Personal name Tamanna Khan
245 ## - TITLE STATEMENT
Title Higher education in globalized era :
Statement of responsibility, etc byTamanna Khan
Remainder of title an Indian experience /
260 ## - PUBLICATION, DISTRIBUTION, ETC. (IMPRINT)
Place of publication, distribution, etc Delhi
Name of publisher, distributor, etc Shipra Publications
Date of publication, distribution, etc 2016
270 ## - ADDRESS
Address LG-18-19,Pankaj Central Market,I.P.Ext. Patparganj
City Delhi
Postal code 110092
300 ## - PHYSICAL DESCRIPTION
Extent xiv,218p.
Dimensions 23cm(pbk)
500 ## - GENERAL NOTE
General note Includes bibliographical references and index
942 ## - ADDED ENTRY ELEMENTS (KOHA)
Source of classification or shelving scheme Dewey Decimal Classification
Item type English Books
Classification part 378.54
Call number suffix TAM
Holdings
Withdrawn status Lost status Not for loan Collection code Home library Current library Date acquired Source of acquisition Cost, normal purchase price Full call number Barcode Copy number Cost, replacement price Koha item type
    Not For Loan Non-fiction D.B.Act.Division Bawana 13/07/2017 DBAD/PUB 200.00 378.54 TAM EN-102701 1 200.00 English Books

© Delhi Public Library
Hit Counter
free hit counter